Statistiques concernant Harry Potter Quizz Très Très dur

Cliquez ici pour prendre le quiz!

Statistiques générales

  • Ce quiz a été pris 236 fois
  • Le résultat moyen est 28 sur 50

Statistiques - réponses

QuestionRéponse% Correct
Comment s'appelle la banque dans Harry PotterGringotts
96%
Dans quel objet peut-on mettre nos penséesPensine
86%
Comment s'appelle l'araignée vivant dans la forêt interditeAragog
78%
Avec quel sortilège Hermione répare les lunettes d'Harry PotterOculus Reparo
76%
Harry Potter achète sa baguette chez Ollivander mais ou est situé cette boutiqueLe chemin de traverse
75%
Sur quel professeur Voldemort réapparait-il dans le tome 1 d'Harry PotterProfesseur Quirrell
74%
Quel animal est BuckUn Hippogriffe
73%
En quoi est transformé Horace Slughorn lors de la visite d'Albus et d'HarryUn Fauteuil
72%
Qu'est ce qui se cache dans le coffre 713 à Gringotts lors du premier tome d'Harry PotterLa Pierre Philosophale
71%
Quel animal est Fenrir GreybackUn Loup-Garou
71%
Qui est en charge des cours de vol dans Harry PotterMadame Bibine
70%
Qui est en charge des cours de Botanique dans Harry PotterProfesseur Chourave
70%
Avec qui Ron est-il en couple durant le tome 5 d'Harry PotterLavande
69%
Comment s'appelle la sœur d'Albus et d'AbelforthAriana
68%
Comment s'appelle le demi-frère d'HagridGraup
68%
Qui est l'infirmière de PoudlardMadame Pomfresh
67%
Comment s'appelle la directrice de l'école BeauxbâtonsOlympe Maxime
67%
De qui est accompagné Harry Potter durant le bal de NoelParvati Patil
67%
Quelles créatures Harry et Luna sont les seuls à pouvoir voirLes Sombrals
66%
Quel mot de passe doit-on utiliser pour se rendre dans le bureau de DumbledoreSorbet citron
65%
Quel est le prénom de RusardArgus
64%
Comment s'appelle le chien d'HagridCrockdur
63%
Qu'écrit Bellatrix Lestrange sur le bras d'Hermione pendant qu'elle l'a torture au manoir MalfoySang de bourbe
63%
En quelle personnage Nagini se transforme pour tromper Harry à Godric's HollowBathilda Tourdesac
62%
A quoi fait référence cette phrase : " Dans l'endroit ou toute chose est caché, si vous devez demandé jamais vous ne saurez, si vous savez il suffit de demander.La salle sur demande
62%
Comment s'appelle le père de Cédric DiggoryAmos Diggory
61%
Qui aide Harry Potter à rentré dans cette banque sous la cape d'invisibilitéGripsec
61%
Avec quelle plante Harry arrive-t-il à tenir 1h dans le lac noir dans le tournoi des 3 sorciersLa Branchiflore
58%
Quel sortilège a était crée par Severus RogueSectumsempra
57%
La baguette de Lucius Malfoy est en orme mais que contient elleVentricule de Dragon
57%
Comment est appelé le trio composé de Harry, Hermione et RonLe Golden Trio
54%
Que signifie les initiales R.A.BRegulus Arcturus Black
53%
Comment s'appelle la chouette de la famille WeasleyErrol
51%
Qui sont les frères et sœurs qui font régnés l'ordre quand Severus Rogue est directeur de PoudlardLes Carrow
51%
Quel objet offre Rufus Scrimgeour à Ron provenant de DumbledoreUn déluminateur
51%
Qui vient témoigné de la présence des détraqueurs durant l'audience d'Harry Potter au ministèreArabella Figg
45%
Quel sortilège utilise Minerva McGonagall pour animer les statues qui défendent Poudlard lors de Harry Potter et les reliques de la mortPiertotum Locomotor
45%
Comment s'appelle le conducteur du MagicobusErnie
42%
Quel nom porte le dragon que Krum doit affronter pendant le tournoi des trois sorciersLe Boutefeu chinois
38%
Quelles créature protèges le médaillon-horcruxe caché dans la caverneLes Inferi
37%
Quel mot de passe sert à rentrer dans la tour de GryffondorCaput Draconis
32%
Quelle est le sortilège qui permet de faire apparaître la marque des TénèbresMorsmordre
30%
Comment s'appelle le chien à trois têtes d'HagridTouffue
28%
Comment s'appelle le balaie que Sirius offre à HarryL'éclair de feu
27%
Avec quel sortilège Luna Lovegood soigne-t-elle le nez d'Harry PotterEpiskey
26%
Sur quelle case Ron déplace son cavalier pour se sacrifier pendant la bataille d'échec géanteH3
22%
Grâce à quelle créature Luna Lovegood arrive-t-elle à voir Harry sous la cape d'invisibilité dans le Poudlard ExpressLes Joncheruines
21%
Quel est la race du dragon qui protège les coffres de GringottsUn Pansedefer Ukrainien
19%
A quoi Alastor Maugrey compare-t-il le goût du polynectarDe l'urine de gobelin
15%
Qui est tué par ce même dragon dans GringottsBogrod
12%

Distribution des résultats

Percentile par nombre de réponses

% des personnes avec chaque résultat

Votre développement - résultats

Vous n’avez pas pris ce quiz